Library Logo

Pioneer International University Library Catalogue

College physics (Record no. 885)

MARC details
000 -LEADER
fixed length control field 00262nam a22000977a 4500
005 - DATE AND TIME OF LATEST TRANSACTION
control field 20250901165236.0
008 - FIXED-LENGTH DATA ELEMENTS--GENERAL INFORMATION
fixed length control field 210226b ||||| |||| 00| 0 eng d
050 ## - LIBRARY OF CONGRESS CALL NUMBER
Classification number QC21 .W43
245 ## - TITLE STATEMENT
Title College physics
Statement of responsibility, etc. WEBER, ROBERL.
942 ## - ADDED ENTRY ELEMENTS (KOHA)
Source of classification or shelving scheme Library of Congress Classification
Classification part QC21 .W43 1965
Holdings
Withdrawn status Lost status Source of classification or shelving scheme Damaged status Not for loan Home library Current library Shelving location Date acquired Total checkouts Full call number Barcode Date last seen Price effective from Koha item type
    Library of Congress Classification     Main Library Main Library   02/26/2021   QC21 .W43 1965 PIU0190424 02/26/2021 02/26/2021 Books